000
00339nam a2200133Ia 4500
008
240624s9999 xx 000 0 und d
041
_a
eng
082
_a
658.154 BUC
100
_a
BUCKLEY ADRIAN
245
_a
INTERNATIONAL CAPITAL BUDGETING
260
_c
2004
_a
New Delhi
_b
Prentice-Hall
300
_a
ix, : 373 : p. : cm. ; 24
365
_c
RS
999
_c
413
_d
413